Normal view
MARC view
- Abdul Hameed Taga
Entry Personal Name
001 - CONTROL NUMBER
- control field: 472
003 - CONTROL NUMBER IDENTIFIER
- control field: NUST
005 - DATE AND TIME OF LATEST TRANSACTION
- control field: 20170511131438.0
008 - FIXED-LENGTH DATA ELEMENTS
- fixed length control field: 170511|| aca||aabn | a|a d
040 ## - CATALOGING SOURCE
- Original cataloging agency: NUST
- Transcribing agency: NUST
100 ## - HEADING--PERSONAL NAME
- Personal name: Abdul Hameed Taga
670 ## - SOURCE DATA FOUND
- Source citation: Work cat.: (NUST)23588: Abdul Hameed Taga, Theory & Research in Sociology, c2007
